Album Covers by Letter - N - Statistics

General Stats
  • This quiz has been taken 130 times
  • The average score is 7 of 16
Answer Stats
Picture Answer % Correct
Nevermind - Nirvana
97%
A Night at the Opera - Queen
68%
No Jacket Required - Phil Collins
62%
Never Mind the Bollocks, Here's the Sex Pistols - The Sex Pistols
56%
NFR! - Lana Del Rey
54%
Nothing Was the Same - Drake
54%
Night Visions - Imagine Dragons
50%
Nashville Skyline - Bob Dylan
44%
Nimrod - Green Day
44%
A New World Record - Electric Light Orchestra
39%
Not All Heroes Wear Capes - Metro Boomin
29%
Non-Stop Erotic Cabaret - Soft Cell
27%
A Northern Soul - The Verve
22%
Nebraska - Bruce Springsteen
19%
Nilsson Schmilsson - Harry Nilsson
15%
Nonagon Infinity - King Gizzard and the Lizard Wizard
15%
No matching quizzes found
Score Distribution
Percent of People with Each Score
Percentile by Number Answered
Your Score History
You have not taken this quiz